书目信息 |
| 题名: |
怎样鉴定书画
|
|
| 作者: | 张珩 著 | |
| 分册: | ||
| 出版信息: | 北京 文物出版社 1966 |
|
| 页数: | 37页 | |
| 开本: | 19cm | |
| 丛书名: | ||
| 单 册: | ||
| 中图分类: | K876.84 , G260.2 | |
| 科图分类: | ||
| 主题词: | 古字画--鉴定--中国 , 博物馆事业 , 博物馆学 | |
| 电子资源: | ||
| ISBN: | ||
| 000 | 00688nam0 2200265 45 | |
| 001 | 0184002471 | |
| 005 | 20060804151015.98 | |
| 010 | @dCNY0.45 | |
| 091 | @a7068.272 | |
| 100 | @a19950630d1966 emky0chiy0121 ea | |
| 101 | 0 | @achi |
| 102 | @aCN@b110000 | |
| 105 | @af z 000yy | |
| 200 | 10 | @a怎样鉴定书画@AZen Yang Jian Ding Shu Hua@f张珩著@FZhang Heng Zhu |
| 210 | @a北京@c文物出版社@d1966 | |
| 215 | @a37页@c摹真@d19cm | |
| 606 | @a古字画@x鉴定@y中国 | |
| 606 | 0 | @a博物馆事业 |
| 606 | 0 | @a博物馆学 |
| 690 | @aK876.84@v3 | |
| 690 | @aG260.2 | |
| 701 | 0 | @a张珩@4著 |
| 801 | 2 | @aCN@bNLC@c20060804 |
| 801 | 0 | @aCN@b上海图书馆@c20040506 |
| 905 | @f5@b65052-056@dG260.2@e5 | |
| 怎样鉴定书画/张珩著.-北京:文物出版社,1966 |
| 37页:摹真;19cm |
| ISBN :CNY0.45 |
| ● |
| 相关链接 |
|
|
|
|
正题名:怎样鉴定书画
索取号:G260.2/5
 
预约/预借
| 序号 | 登录号 | 条形码 | 馆藏地/架位号 | 状态 | 备注 |
| 1 | 0065052 | 000990707 | 密集书库/ [索取号:G260.2/5] | 在馆 | |
| 2 | 0065053 | 000984279 | 密集书库/ [索取号:G260.2/5] | 在馆 | |
| 3 | 0065054 | 000990725 | 密集书库/ [索取号:G260.2/5] | 在馆 | |
| 4 | 0065055 | 000990716 | 第四借阅区/ [索取号:G260.2/5] | 在馆 | |
| 5 | 0065056 | 000984260 | 第一样本阅览室/ [索取号:G260.2/5] | 在馆 | |
| 6 | 0446990 | 204469903 | 密集书库/ [索取号:G260.2/5] | 在馆 |